Ley general de elecciones N§9.334 de Marzo de 1949

Gespeichert in:
Bibliographische Detailangaben
Format: Buch
Sprache:Spanisch
Veröffentlicht: Santiago Dirección del Registro Electoral 1955
Schlagworte:
Tags: Tag hinzufügen
Keine Tags, Fügen Sie den ersten Tag hinzu!

MARC

LEADER 00000nam a2200000 a 4500
001 UCT5382
003 CL-VaPUC
008 961206e19550000CL |||||||||||||||||spa|d
082 0 4 |a 342.83  |b LEY  |2 21 
245 1 0 |a Ley general de elecciones N§9.334 de Marzo de 1949 
300 |a 98 p 
942 |c BK 
945 |d 19961206 00:00:00  |a rleighto 
260 |a Santiago  |b Dirección del Registro Electoral  |c 1955 
650 7 |a LEY DE ELECCIONES  |2 CL-VaPUC  |9 258181 
650 0 |a Elecciones  |9 254997 
650 0 |a Sistemas electorales  |9 326307 
650 0 |a Constitución política  |9 336925 
650 7 |a SUFRAGIO  |2 CL-VaPUC  |9 313463 
651 7 |a CHILE  |2 CL-VaPUC  |9 374826 
583 |a last modification  |c 19961206 00:00:00  |k Rodrigo Vera 
999 |c 254324  |d 254322 
952 |0 0  |1 0  |2 ddc  |4 0  |6 342_830000000000000_LEY_1955  |7 0  |8 A  |9 275922  |a BIBDER  |b BIBDER  |d 2019-11-19  |i 3256499  |o 342.83 LEY 1955  |p 3256499  |r 2023-01-25  |w 2019-11-19  |y MX  |k DER